00477 2200193 4500001002100000005001500021008004100036020002200077035001900099041000700118082001100125090001700136100001800153245002600171260002900197300003200226500001000258650001500268INLIS00000000000391620241224112819241224||||||||| | ||| |||| || |  a978-602-14137-7-7 0010-1224003916 aid0 a297.38 a297.38 YUL d0 aRani Yulianty00aDoa Harian Anak Super bMutiara Publishingc2013 ax, 86 hlm. : ilus, ; 19 cm. aCet.1 0aIlmu Agama